Score 0/38 Timer 04:00
0 Plays Today
HINT 4-LETTER WORD % Correct
Springsteen hit, ____ in the USABORN
94.8%
⇧ LET'S ____ A DEAL ⇧⇧ MAKE ⇧
94.2%
Wedding or birthday dessertCAKE
93.7%
____ of FameHALL
92.2%
Beatles hit, ____ TogetherCOME
92.1%
'Where have you ____ all my life?'BEEN
91.3%
____ High ClubMILE
90.8%
John, ____, George & RingoPAUL
88.9%
Fail to amuseBORE
87.7%
Stag, bull, or drakeMALE
87.1%
____ After ReadingBURN
86.7%
Highlander's skirtKILT
86.2%
ObservedSEEN
86.1%
Central massCORE
84.9%
Pepper grinderMILL
83.4%
⇧ A VIEW TO A ____⇧ KILL ⇧
82.3%
⇧ STYLING TOOL ⇧⇧ COMB ⇧
82.2%
⇧ TOTE OR DRAG ⇧⇧ HAUL ⇧
81.6%
Tom Petty hit, ____ Do Me Like ThatDON'T
80.6%
HINT 4-LETTER WORD % Correct
Preserve a hamCURE
79%
⇧ FULLY COOKED ⇧⇧ DONE ⇧
78.5%
Hang tenSURF
77.5%
Poverty fighting .orgCARE
77.1%
A Whiter Shade of ____PALE
76.4%
PositiveSURE
76.1%
Kind of vault or dancerPOLE
73.6%
SodTURF
73%
⇧ HANG A LOUIE ⇧⇧ TURN ⇧
72.8%
Lose interestPALL
72.5%
Sentry's challengeHALT
68.6%
Borscht basisBEET
67.2%
Claymore handleHILT
67.1%
Corn breadPONE
66.6%
DeformedBENT
62.6%
Chicago Bear, Richard ____DENT
61.2%
Oast or kilnOVEN
55.5%
Ole's joke partnerSVEN
52.3%
⇧ COMMON BOND ⇧⇧ OVER ⇧
37.7%

Today's Daily Dose

Missing Word
'T' Pairs

Word Ladder
Game Pieces

Get the Picture
Baseball Movies

Remove Ads.
Support Sporcle.
Get the best of Sporcle when you Go Orange. This ad-free experience offers more features, more stats, and more fun while also helping to support Sporcle. Thank you for becoming a member.

You're not logged in!

Compare scores with friends on all Sporcle quizzes.
OR
Log In

Show Comments

Extras

Top Quizzes Today


Score Distribution

Your Account Isn't Verified!

In order to create a playlist on Sporcle, you need to verify the email address you used during registration. Go to your Sporcle Settings to finish the process.

Report this User

Report this user for behavior that violates our Community Guidelines.

Details: